К созданию методики обучения предпереводчекому анализу профессионально ориентированных текстов; Межкультурная коммуникация: теория и практика; Ч. 1

Dades bibliogràfiques
Parent link:Межкультурная коммуникация: теория и практика: сборник статей X Международной научно-практической конференции "Лингвистические и культурологические традиции образования", 12-14 ноября 2010 г., Томск/ Национальный исследовательский Томский политехнический университет (ТПУ), Энергетический институт (ЭНИН) ; под ред. Н. А. Качалова.— , 2010.— 5-87307-103-9
Ч. 1.— 2010.— С. 15-21
Autor principal: Андреева О. В. Оксана Владимировна
Idioma:rus
Publicat: 2010
Matèries:
Format: MixedMaterials Capítol de llibre
KOHA link:https://koha.lib.tpu.ru/cgi-bin/koha/opac-detail.pl?biblionumber=238419

MARC

LEADER 00000naa2a2200000 4500
001 238419
005 20231031205131.0
035 |a (RuTPU)RU\TPU\book\259608 
090 |a 238419 
100 |a 20130526d2010 k y0rusy50 ca 
101 0 |a rus 
102 |a RU 
200 1 |a К созданию методики обучения предпереводчекому анализу профессионально ориентированных текстов  |f О. В. Андреева 
461 0 |0 (RuTPU)RU\TPU\book\251515  |y 5-87307-103-9  |t Межкультурная коммуникация: теория и практика  |o сборник статей X Международной научно-практической конференции "Лингвистические и культурологические традиции образования", 12-14 ноября 2010 г., Томск  |o в 2 ч.  |f Национальный исследовательский Томский политехнический университет (ТПУ), Энергетический институт (ЭНИН) ; под ред. Н. А. Качалова  |d 2010 
463 0 |0 (RuTPU)RU\TPU\book\256743  |t Ч. 1  |v С. 15-21  |d 2010  |p 327 с. 
610 1 |a труды учёных ТПУ 
610 1 |a переводческая деятельность 
610 1 |a обучение 
610 1 |a анализ 
610 1 |a профессиональные тексты 
610 1 |a методика 
700 1 |a Андреева  |b О. В.  |c лингвист  |c преподаватель Томского политехнического университета  |c в замужестве Аникина  |g Оксана Владимировна  |2 stltpush  |3 (RuTPU)RU\TPU\pers\24570 
801 1 |a RU  |b 63413507  |c 20130526 
801 2 |a RU  |b 63413507  |c 20150904  |g RCR 
942 |c BK